BIBLIOTECA

SENCICO

Estadística : (Registro nro. 468)

Detalles MARC
000 -LEADER
fixed length control field 01582nam a2200265Ia 4500
003 - CONTROL NUMBER IDENTIFIER
control field PE SENCICO BE
005 - DATE AND TIME OF LATEST TRANSACTION
control field 20251020182438.0
008 - FIXED-LENGTH DATA ELEMENTS--GENERAL INFORMATION
fixed length control field 200515s9999 xx 000 0 und d
040 ## - CATALOGING SOURCE
Original cataloging agency PE SENCICO BE
Transcribing agency PE SENCICO BE
041 ## - LANGUAGE CODE
Language code of text/sound track or separate title spa
082 ## - DEWEY DECIMAL CLASSIFICATION NUMBER
Classification number 519.5
Item number S75
100 1# - MAIN ENTRY--PERSONAL NAME
Personal name Spiegel, Murray R.
9 (RLIN) 2962
Relator term autor
245 10 - TITLE STATEMENT
Title Estadística :
Remainder of title teoría y 875 problemas resueltos /
Statement of responsibility, etc. Murray R. Spiegel
250 ## - EDITION STATEMENT
Edition statement [1a ed.]
260 ## - PUBLICATION, DISTRIBUTION, ETC.
Place of publication, distribution, etc. México, D.F. :
Name of publisher, distributor, etc. McGraw-Hill ;
Date of publication, distribution, etc. sin año
300 ## - PHYSICAL DESCRIPTION
Extent 357 páginas :
Other physical details tablas, gráficos ;
Dimensions 25 cm.
490 ## - SERIES STATEMENT
Series statement Serie Schaum
505 0# - FORMATTED CONTENTS NOTE
Formatted contents note Variables y representaciones -- Distribución de frecuencia -- Media, mediana, moda y otras medidas de centralización -- La desviación típica y otras medidas de dispersión -- Momentos, sesgo y curtosis -- Teoría elemental de la probabilidad -- Las distribuciones binomial, normal y de poisson -- Teoría elemental de muestreo -- Teoría de estimación estadística -- Teoría de decisión y estadística, ensayos de hipótesis y significación -- Teoría de pequeñas muestras -- La prueba chi-cuadrado -- Curva de ajuste y método de mínimos cuadrados -- Teoría de la correlación -- Correlación múltiple y parcial -- Análisis de series de tiempo -- Números indice
520 3# - SUMMARY, ETC.
Summary, etc. Presenta una introducción a los principios generales de la estadística de utilidad para todos para se de nivel básico.
650 10 - SUBJECT ADDED ENTRY--TOPICAL TERM
Topical term or geographic name entry element Estadística
9 (RLIN) 1473
650 20 - SUBJECT ADDED ENTRY--TOPICAL TERM
Topical term or geographic name entry element Estadística descriptiva
9 (RLIN) 209
650 20 - SUBJECT ADDED ENTRY--TOPICAL TERM
Topical term or geographic name entry element Probabilidades
9 (RLIN) 264
650 20 - SUBJECT ADDED ENTRY--TOPICAL TERM
Topical term or geographic name entry element Muestreo (Estadística)
9 (RLIN) 2393
942 ## - ADDED ENTRY ELEMENTS (KOHA)
Koha item type Libros
Source of classification or shelving scheme Dewey Decimal Classification
Existencias
Fecha de la última vez que lo usaron Número de ingreso o de inventario Pago total Signatura topográfica completa Código de barras Precio efectivo desde Tipo de documento Estado perdido Sistema de clasificación Estado dañado No es para préstamo Retirado Ubicación permanente Ubicación actual Fecha de adquisición
15/05/2020 4396   519.5/S75 BibLima25030001 15/05/2020 Libros   Dewey Decimal Classification       Biblioteca Central Lima Biblioteca Central Lima 15/05/2020
03/03/2025 16096   519.5/S75/ej. 2 BibLima25030002 03/03/2025 Libros   Dewey Decimal Classification       Biblioteca Central Lima Biblioteca Central Lima 03/03/2025